| 000 | 00935nam a2200289Ia 4500 | ||
|---|---|---|---|
| 999 |
_c53631 _d53631 |
||
| 001 | 20678 | ||
| 003 | GE_BSU | ||
| 005 | 20210303201618.0 | ||
| 008 | 181216s2000||||xx |||||||||||||| ||eng|| | ||
| 020 | _a9780781718271 | ||
| 040 | _cGE_BSU | ||
| 041 | _aeng | ||
| 080 | _a611.84 S-69 | ||
| 100 |
_aSnell, Richard S. _910310 |
||
| 245 |
_aClinical Anatomy : _bAn Illustrated with Questions and Explanations / _cRichard S. Snell ; Editor P.J. Kelly |
||
| 250 | _aThird Edition | ||
| 264 |
_aPhiladelfia : _bLippincott Williams & Wilkins, _c2000. |
||
| 300 |
_a278 p. : _bill. ; _c28 cm. |
||
| 541 | _h264 Gel. | ||
| 653 | _aClinical Anatomy | ||
| 653 | _aAn Illustrated with Questions and Explanations | ||
| 653 | _aКлиническая анатомия | ||
| 653 | _aკლინიკური ანატომია | ||
| 653 | _aმედიცინა | ||
| 700 |
_aKelly, P.J. _eEditor _910314 |
||
| 942 |
_cBK _2udc |
||